| 000 | 00000nam##2200000za#4500 |
| 001 | 9.572498 |
| 003 | CaOODSP |
| 005 | 20220111083107 |
| 007 | cr ||||||||||| |
| 008 | 150406|1996||||xxc|||||o f|0| 0 eng|d |
| 022 | |a1928-6414 |
| 040 | |aCaOODSP|beng |
| 043 | |an-cn--- |
| 086 | 1 |aNE22-1/1996-4-2E-PDF |
| 110 | 1 |aCanada. |bNational Energy Board. |
| 245 | 10|aExpress Pipeline Project : |h[electronic resource]|breport of the Joint Review Panel |
| 260 | |aCalgary - Alberta : |bNational Energy Board |cMay 1996. |
| 300 | |a214p.|bfigs., glossary, map, tables |
| 490 | 1 |aReasons for decision|x1928-6414|vOH-1-95 |
| 500 | |aThe catalogue number (NE22-1/1996-4-2E) and ISBN (0-662-24494-X) for the print edition have been incorrectly copied in this electronic publication. |
| 504 | |aBibliography. |
| 520 | 3 |aThis report conveys the findings, conclusions and recommendations of the Joint Review Panel ("the Panel") examination of the environmental effects of a proposal by Express Pipeline Limited ("Express"). The proposed Express Pipeline Project (the Project) consists of the construction and operation of an oil pipeline from terminal facilities at Hardisty, Alberta to the Canada-United States border, near Wild Horse, Alberta.--Overview |
| 590 | |a12-07-Supp|b2012-03-09 |
| 710 | 2 |aCanadian Environmental Assessment Agency. |
| 775 | 08|tProjet Express Pipeline : |w(CaOODSP)9.602844 |
| 776 | 0#|tExpress Pipeline Project : |w(CaOODSP)9.612987 |
| 830 | #0|aReasons for decision (Canada. National Energy Board)|x1928-6414|vOH-1-95|w(CaOODSP)9.504480 |
| 856 | 40|ahttp://publications.gc.ca|qPDF|s653 KB|uhttps://publications.gc.ca/collections/Collection/NE22-1-1996-4-2E.pdf|yOH-1-95 |